000 00309nam a22001337a 4500
008 170529b xxu||||| |||| 00| 0 eng d
020 _a3540062750
041 _ager
080 _a62
100 _a27
101 _aIM
245 _aFUNKTIONELLER AUFBAU DIGITALER RECHENANLAGEN
_cSCHECHER,H
942 _2udc
_cBK
999 _c14869
_d14869